000 00383nam a2200133Ia 4500
005 20260328104334.0
008 260328s9999||||xx |||||||||||||| ||und||
100 _aFernández, David
245 0 _aEnciclopedia de la Construcción.Tomo 3 :
_b Carpintería de Aluminio Y P.V.C. /
_cDavid Fernández
260 _bEdiciones Daly
300 _a120 p.
650 _aALUMINIO
942 _cBK
999 _c11840
_d11840